LEADER 00686nam a2200205 i 4500 001 000000165178 003 CaOOAMICUS 005 20071010000000.0 008 071010s1951 it u000 u ita u 013 $a142546 040 $aSeMil$bita 100 1 $aDe Filippo, Eduardo <1900-1984>.$0(OLS)http://semarc/name/8338 245 10$a1. 250 $a7. Ed. 300 $a533 p. 773 0 $aDe Filippo, Eduardo <1900-1984>$tCantata dei giorni dispari.$dTorino : Einaudi, copyr. 1951-copyr. 1966.$w()18539 850 $aSeMil 852 $aSeMil$W1$xVenegono$y1$m1A VI 216$j246352$B116373$CSeMilBibl$Z2$F127319 $81 961 $aRecupero: Altro 996 $6245$a1$9(OLS)http://semarc/title/6508 LEADER 00705nam a2200217 i 4500 001 000000244117 003 CaOOAMICUS 005 20150729000000.0 008 150729s1940 it u000 u ita u 013 $a223022 040 $aSeMil$bita 245 10$a2. 250 $a5. ed. 300 $a455 p. 500 $aNuova ed. conforme ai programmi del 7-5-1936. - Fondo card. Giovanni Colombo. 773 0 $aCalderaro, Francesco$tVita vissuta.$dFirenze : La Nuova Italia, 1940.$w()32310 850 $aSeMil 852 $aSeMil$W1$xVenegono$y1$m3GC III 269/2$j194463$B194463$CSeMilBibl$Z2$F205214 $8B 941 1 $a3 961 $aLascito: Colombo Card. Giovanni 996 $6245$a2$9(OLS)http://semarc/title/46889